Seeds of desire (Record no. 3352)

MARC details
000 -LEADER
fixed length control field 00669 a2200205 4500
010 ## - LIBRARY OF CONGRESS CONTROL NUMBER
LC control number ENG-85674
020 ## - INTERNATIONAL STANDARD BOOK NUMBER
Terms of availability 195.00
035 ## - SYSTEM CONTROL NUMBER
System control number EN-69207
037 ## - SOURCE OF ACQUISITION
Source of stock number/acquisition D.B.Act / Pub
082 14 - DEWEY DECIMAL CLASSIFICATION NUMBER
Classification number N
090 ## - LOCALLY ASSIGNED LC-TYPE CALL NUMBER (OCLC); LOCAL CALL NUMBER (OCLC)
-- 3419
-- 3419
100 1# - MAIN ENTRY--PERSONAL NAME
Personal name Chunder, P. C.
245 1# - TITLE STATEMENT
Title Seeds of desire
Statement of responsibility, etc by P. C. Chunder translated by B. M. Bhalla
260 ## - PUBLICATION, DISTRIBUTION, ETC. (IMPRINT)
Place of publication, distribution, etc Chandigarh
Name of publisher, distributor, etc Unistar Books
Date of publication, distribution, etc 2005
270 ## - ADDRESS
Address S.C.O. 26-27, Sector 34 A,
City Chandigarh
Postal code 160 022
Telephone number 0172-5077427, 5077428
Electronic mail address info@unistarbooks.com
300 ## - PHYSICAL DESCRIPTION
Extent 103 p.
Dimensions 22 cm ( Hb.)
710 ## - ADDED ENTRY--CORPORATE NAME
Corporate name or jurisdiction name as entry element Bhalla, B. M
942 ## - ADDED ENTRY ELEMENTS (KOHA)
Institution code [OBSOLETE] dpl
Koha item type English Books
Call number prefix N / CHU
Holdings
Withdrawn status Lost status Source of classification or shelving scheme Damaged status Not for loan Collection code Home library Current library Source of acquisition Cost, normal purchase price Total Checkouts Full call number Barcode Date last seen Copy number Uniform Resource Identifier Cost, replacement price Price effective from Koha item type
    Dewey Decimal Classification   Not For Loan Fiction D.B.Act.Division D.B.Act.Division DBAD/PUB 195.00   N CHU EN-69207 15/09/2008 1 3571 195.00 15/09/2008 English Books

© Delhi Public Library
Hit Counter
free hit counter